| 000 | 01382cam a2200385 a 4500 | ||
|---|---|---|---|
| 001 | 104870 | ||
| 005 | 20230410142343.0 | ||
| 008 | 070622s2008 njua 001 0 spa d | ||
| 035 | _a14900977 | ||
| 010 | _a 2007931550 | ||
| 020 | _a9780470170496 (pbk.) | ||
| 020 | _a0470170492 (pbk.) | ||
| 035 | _a(OCoLC)ocn154670111 | ||
| 040 |
_aBTCTA _cBTCTA _dBAKER _dYDXCP _dNVC _dNPL _dLNQ _dDLC |
||
| 041 | 1 |
_aspa _heng |
|
| 042 | _alccopycat | ||
| 050 | 1 | 4 |
_aBX 1754 _bT828c 2008 |
| 082 | 0 | 0 | _a282 |
| 100 | 1 | _aTrigilio, John. | |
| 240 | 1 | 0 |
_aCatholicism for dummies. _lSpanish |
| 245 | 1 | 0 |
_aCatolicismo para dummies / _cpor John Trigilio y Kenneth Brighenti ; traducido por Luis Rafael Rodrìguez-Hernàndez ; prefacio por José H. Gomez. |
| 260 |
_aHoboken, NJ : _bWiley Pub., _cc2008. |
||
| 300 |
_axxiv, 427 p. : _bill. ; _c24 cm. |
||
| 490 | 1 | _aPara dummies | |
| 500 | _aIncludes index. | ||
| 520 | _aA guide to the world's largest Christian denomination summarizes the basic beliefs, practices, rituals, teachings, and traditions of Catholicism. | ||
| 610 | 2 | 0 |
_aCatholic Church _xDoctrines. |
| 650 | 0 |
_aTheology, Doctrinal _vPopular works. |
|
| 650 | 4 |
_aTeología, Doctrinales _vObras populares |
|
| 610 | 2 | 0 |
_aCatholic Church _xCustoms and practices. |
| 700 | 1 | _aBrighenti, Kenneth. | |
| 830 | 0 |
_a--For dummies. _lSpanish. |
|
| 942 |
_2lcc _cbk |
||
| 946 | _aJPR | ||
| 999 |
_c94147 _d94147 |
||